[Event "Olympiad-40"]
[Site "Istanbul"]
[Date "2012.09.09"]
[Round "11.1"]
[White "Sutovsky, Emil"]
[Black "Zhigalko, Sergei"]
[Result "1-0"]
[WhiteElo "2687"]
[BlackElo "2667"]
[Annotator "Sutovsky,E"]
[PlyCount "91"]
[EventDate "2012.08.28"]
[EventType "team-swiss"]
[EventRounds "11"]
[EventCountry "TUR"]
[SourceTitle "CBM 151"]
[Source "ChessBase"]
[SourceDate "2012.11.13"]
[SourceVersion "1"]
[SourceVersionDate "2012.11.13"]
[SourceQuality "1"]
[WhiteTeam "Israel"]
[BlackTeam "Belarus"]
[WhiteTeamCountry "ISR"]
[BlackTeamCountry "BLR"]

1. e4 e5 {Quite a surprise! Sergey almost invariably opts for 1...c5, but here
he decides to try something else. I didn't mind, although I had to choose
between a few systems I employ versus the Ruy Lopez over the board.} 2. Nf3 Nc6
3. Bb5 a6 4. Ba4 Nf6 5. O-O Be7 6. d3 {The fashionable, but still not fully
explored line. It seems as if White is not claiming to obtain an opening
advantage (and the 0.00 evaluation given by engines appears to testify to this)
, but it does contain venom.} b5 7. Bb3 O-O (7... d6 8. a4 Bd7 {as played
against me by Adams is the main alternative.}) 8. a4 b4 9. Nbd2 d6 {Similar
positions occur in the Anti-Marshall, but here White has saved on Rf1-e1,
which gives him a few more options.} 10. Nc4 h6 11. Be3 Be6 12. h3 Rb8 {
After all the natural useful moves were made, I had to decide on my plan.} 13.
a5 ({The usual path} 13. Qe2 Qc8 (13... Nd7 14. Ncd2 Bf6 15. Bxe6 fxe6 16. Nb3
$14) 14. Rad1 {gives White a minimal advantage, but I wanted to try another
plan, with Bb3-a4.}) 13... Qc8 14. Nfd2 Qb7 15. Ba4 Rfd8 {Now Black doesn't
have any active plan, and the d6-d5 idea never works. The problem is, that
White's activity is also restricted...} 16. Qe1 $5 {A slightly enigmatic move
- the idea is to play f2-f4, and then to bring the queen to g3. Here Sergey
spent a lot of time and ... made the strongest move, but with the wrong
intentions!} Nh5 $1 17. Qe2 Nf6 $2 (17... Nf4 {was asking to be played. After}
18. Bxf4 ({a better move is} 18. Qf3 Ng6 19. Rae1 {with roughly equal play})
18... Nd4 $1 {An important intermediate move!} 19. Qe1 exf4 20. c3 bxc3 21.
bxc3 Nb5 22. Nf3 Bf6 {it is suddenly better for Black.}) 18. Kh1 (18. Rae1 Nd7
19. f4 {was another option, but I decided it was useful to remove the king
from checks.}) 18... Nd7 19. f4 exf4 20. Bxf4 (20. Rxf4 Bg5 21. Rf2 Bh4 22.
Rff1 {was another option I considered, and probably it was at least as strong
as the move in the game, but then I opted for capturing with the bishop in
order to establish control over the e5-square.}) 20... Nde5 (20... Nc5 {
was another move I seriously considered. It seemed to me, that after} 21. Bxc6
Qxc6 22. Be3 {White must be better due to his excellent prospects on the
kingside, but my silicon friend disagrees and evaluates the position as equal,
even with a symbolic advantage for Black. Anyway, I'd prefer having White here.
}) 21. Bxe5 {The whole point behind taking on f4 with the bishop. Now the
e5-pawn becomes weak, and Black has to weaken himself.} dxe5 22. Qh5 Bg5 (22...
f6 23. Rf3 {is very dangerous for Black, even if the computer holds it. But
the natural text move is almost losing!} (23. Bb3 Nd4 $1 24. Nxe5 Nxb3 25. Ng6
Nxa1 26. Nxe7+ Kf8 27. Ng6+ Kg8 {leads to a picturesque repetitionof moves.}))
23. Bxc6 $2 {I was looking solely on the queenside and missed the very strong
move} (23. Nb3 {which led to a huge advantage. The threat is Nb3-c5 and Black
has nothing better than to part with his e5-pawn:} Be7 24. Nxe5 Nxe5 25. Qxe5
Qa7 {hoping to hold it. White's edge is indisputable here, but 24.Ne3! with
the idea to continue the attack (Ne3-d5 or Ne3-f5) might be even stronger. All
in all, after 23.Nb3 Black would have found himself in dire straits, now it
gets very unclear.}) 23... Qxc6 24. Nxe5 Qxc2 25. Ndc4 Rxd3 {Natural, but not
the strongest.} ({After} 25... Rb5 $3 {(We, mere human beings tend to miss
such moves...) Black seizes the initiative. The point is} 26. Nxf7 Rxd3 {
and Black has everything under control, whereas the white forces can't create
anything decisive, even in terms of perpetual check...}) 26. Nxd3 Qxd3 27. Ne5
Qxe4 28. Nxf7 Bd5 {Sergey played all his last moves a tempo (hardly a surprise,
as he had about 5 minutes on the clock), and now I had a choice, whether to
play 29.Rf2 or 29.Rf3. Finally, I decided that it is important to have the
Rf2-e2 option, and made the move} 29. Rf2 Bh4 $2 {He spent nearly all his time
here, but made this losing mistake.} ({Of course, we both saw the correct} 
29... Bf6 {but somehow, in the heat of the battle, we misevaluated the ending,
arising after} 30. Re2 (30. Nxh6+ gxh6 31. Qxh6 Bg7 {favours Black}) 30... Bxf7
$1 31. Qxf7+ Kxf7 32. Rxe4 Bxb2 33. Rb1 Bc3 34. Rc4 {when, as we thought,
White is better, and Black fights for a draw. In fact, after} Rb5 $1 35. Rxc7+
Kg8 $1 {it is White who has to show his defensive skills, although it should
not be too difficult.}) 30. Re2 Qd3 31. Nxh6+ $1 (31. Rf1 Qxh3+ 32. Kg1 Bf2+ {
would have been rather painful.}) 31... gxh6 32. Qg4+ $1 {A very important
check. 32.Qh4 Qe2 is great for Black, but now he has to worsen his position.}
Kh7 $6 (32... Kh8 33. Qxh4 {only now!} Qxe2 34. Qxh6+ Kg8 35. Qg5+ Kh8 36. Qxd5
{is hopeless for him.}) (32... Bg5 {was the best chance. Now White had to find
the following sequence:} 33. h4 Qc4 $1 34. Qxc4 Bxc4 35. Re4 $1 Bd3 36. Rg4 $1
(36. Rd4 Bf6 37. Rxd3 Bxb2 {and Black has great compensation for the exchange.}
) 36... c5 37. Re1 $1 (37. hxg5 h5 38. Rf4 c4 39. Rd4 $1 {stopping the black
pawns. Now it looks like the beginning of the technical part, which should not
last too long, but it is just an illusion!} Re8 $1 40. Ra4 $1 c3 41. Rxd3 Re1+
42. Kh2 cxb2 43. Rxb4 b1=Q 44. Rxb1 Rxb1 {and Black might be able to hold this
ending, although one needs to investigate it deeper before coming up with a
verdict.} 45. Rd6 Rb5 46. Rxa6 Rxg5 47. Ra7 Rg4 48. Rb7 (48. a6 Ra4) 48... Ra4
49. Rb5 h4 {and it seems to be a draw.}) 37... Bf5 38. Rg3 c4 39. hxg5 c3 40.
gxh6+ Kh7 41. Rf3 Kg6 42. bxc3 b3 43. h7 b2 44. Rxf5 Kxf5 45. Rb1 {finally
reaching the winning endgame.}) 33. Re5 Rg8 $6 {The final mistake, although
even the computer's suggestion} (33... Rb5 34. Rd1 Bxg2+ 35. Kxg2 Qc2+ 36. Qe2
Qxe2+ 37. Rxe2 Bf6 {could hardly save the game. After} 38. Rd7+ Kg6 39. Rxc7
Rxa5 40. Rc6 {White will be able to convert it, although not before showing
some Soviet-school technique.}) 34. Qd7+ Kh8 35. Qxd5 {Now it is over, and all
the rest doesn't require any comments.} Qc2 36. Qe4 Qxb2 37. Rf1 b3 38. Re8 Bf6
39. Rd1 h5 40. Rxg8+ Kxg8 41. Qe8+ Kg7 42. Qxh5 Be7 43. Qg4+ Kh8 44. Qc8+ Kh7
45. Qxc7 Qe2 46. Rd7 1-0

[Event "Poikovsky Karpov 15th"]
[Site "Poikovsky"]
[Date "2014.05.12"]
[Round "2"]
[White "Motylev, Alexander"]
[Black "Morozevich, Alexander"]
[Result "0-1"]
[WhiteElo "2687"]
[BlackElo "2719"]
[Annotator "Szabo,Kr"]
[PlyCount "102"]
[EventDate "2014.05.11"]
[EventType "tourn"]
[EventRounds "9"]
[EventCountry "RUS"]
[EventCategory "18"]
[SourceTitle "CBM 161"]
[Source "ChessBase"]
[SourceDate "2014.07.16"]
[SourceVersion "1"]
[SourceVersionDate "2014.07.16"]
[SourceQuality "1"]

1. e4 e5 2. Nf3 Nc6 3. Bb5 a6 4. Ba4 Nf6 5. O-O Be7 6. d3 b5 7. Bb3 d6 8. a3
O-O 9. Nc3 Bg4 10. Be3 Nd4 11. Bxd4 exd4 12. Nd5 Nd7 13. h3 Bxf3 14. Qxf3 c6
15. Nf4 Rb8 16. Qd1 a5 $146 {A logical novelty by Morozevich.} ({Only a day
before Almasi played} 16... Nc5 17. Ba2 a5 18. g3 a4 19. h4 b4 20. Bc4 b3 $13 {
with a double-edged fight, Bruzon Batista-Z.Almasi, Havana 2014.}) 17. Ne2 {
The N wasn't so useful on f4 and he frees the f4-square for his P too.} ({
In a similar position Bruzon played} 17. g3 {followed by h4.}) 17... Bf6 18. a4
$6 {An inaccuracy, because White should hold the queenside and he should try
to play on the kingside by f4.} ({The immediate} 18. f4 $6 {could have been
met by} a4 19. Ba2 b4 {and Black looks nicely placed.}) ({Probably the deep} 
18. Ba2 $142 {was the most exact reply,} b4 (18... a4 19. Qd2) 19. Qd2 Nc5 20.
axb4 axb4 21. Nc1 {and White can hold his queenside.}) 18... Nc5 $1 {Now Black
has unpleasant pressure on the queenside.} 19. Nc1 Qc7 (19... Re8 $142 {
was more accurate, because} 20. axb5 $6 a4 $1 21. Bxa4 Ra8 $17 {and the a4 B
is lost.}) 20. axb5 $1 Rxb5 ({Now} 20... a4 {is not so strong as in the
previous comment, as} 21. Bxa4 Ra8 22. b6 $1 {This is the point!} Qxb6 23. b3 {
and White is safe.}) 21. Ra3 $6 (21. Bc4 {was better:} Rb4 (21... Rxb2 $6 {
is too dangerous, because of} 22. Nb3 {and the R is trapped.}) 22. b3 Rd8 23.
Qf3 {and d5 is always a threat, but still White can hold.}) 21... Rfb8 (21...
Rd8 $1 {was more stronger, because Black wants to play for d5 and the b3 B is
out of play. For example:} 22. Ba2 d5 23. Nb3 Ne6 {and White's pieces are very
strange on the queenside, Black is slightly better.}) 22. Ba2 ({Still} 22. Bc4
{was possible} Rxb2 23. Nb3 d5 24. exd5 cxd5 25. Bxd5 a4 26. Nd2 Qd7 {and
Black's position is more comfortable, but White has some chances to survive.})
22... a4 23. b3 axb3 24. Nxb3 Ne6 25. g3 $6 (25. f4 {was more powerful} d5 26.
Qf3 dxe4 27. Qxe4 {and White hasn't got any problem.}) 25... d5 $1 26. Nd2 Be7
$1 {A great plan by Morozevich. He would like to play Bb4 where the B is
really unpleasant for White.} 27. Rb3 Bb4 28. exd5 cxd5 29. Nf3 Qa5 30. Rb2
R5b6 ({The computer suggests} 30... Qa3 31. Qb1 Qc3 32. Kg2 Qc5 {, but still
it is not clear why it is so dangerous for White.}) 31. Bb3 ({The simple} 31.
Qe2 Bc3 32. Rxb6 Rxb6 33. Bb3 {equalises.}) 31... Bc3 32. Ra2 Qc5 33. Qe2 Nc7
34. Nh4 Re8 35. Qg4 g6 36. Qg5 Rbe6 {Black regroups his pieces and now he is
ready to penetrate on the e-file.} 37. Ba4 Re5 38. Qf6 R8e6 39. Qd8+ Kg7 40.
Kg2 Rf6 41. Bd7 (41. Nf3 Re2 (41... Ref5 42. Nh4 Re5 {is only a repetition})
42. h4 {and White looks safe.}) 41... Re2 42. Nf3 Qd6 43. Ra7 Ne6 44. Qc8 Nf8
45. Ba4 Bd2 46. Nxd4 $2 {A decisive mistake, after this Black has a strong
attack.} ({The pretty} 46. Be8 {was a nice move. Black's f7 P is under
pressure, so White also gets some counter-chances.}) 46... Re1 $1 47. Qc7 Rxf1
48. Kxf1 Qb4 $1 {Now White is in big trouble.} 49. Qe5 Bc3 $1 50. Be8 Qxd4 51.
Rxf7+ Kg8 {The engine gives only -/+, but practically speaking this is a
losing position for White, so he resigned.} (51... Kg8 52. Qxd4 Bxd4 53. Rxf6
Bxf6 54. Bc6 d4 $19) 0-1

[Event "Poikovsky Karpov 15th"]
[Site "Poikovsky"]
[Date "2014.05.17"]
[Round "6"]
[White "Motylev, Alexander"]
[Black "Eljanov, Pavel"]
[Result "1-0"]
[WhiteElo "2687"]
[BlackElo "2732"]
[Annotator "Szabo,Kr"]
[PlyCount "83"]
[EventDate "2014.05.11"]
[EventType "tourn"]
[EventRounds "9"]
[EventCountry "RUS"]
[EventCategory "18"]
[SourceTitle "CBM 161"]
[Source "ChessBase"]
[SourceDate "2014.07.16"]
[SourceVersion "1"]
[SourceVersionDate "2014.07.16"]
[SourceQuality "1"]

1. e4 e5 2. Nf3 Nc6 3. Bb5 a6 4. Ba4 Nf6 5. O-O Be7 6. d3 b5 7. Bb3 d6 8. a3
O-O 9. Nc3 Bg4 10. Be3 Nd4 11. Bxd4 exd4 12. Nd5 c5 13. a4 Be6 14. Nxf6+ Bxf6
15. Bxe6 fxe6 16. Qe2 $146 {A novelty by Motylev.} (16. e5 {was too optimistic}
Bxe5 17. Qe2 Qf6 18. Qe4 Bf4 19. Rfe1 Rae8 20. axb5 axb5 21. Ra6 b4 $15 {
and Black looks nicely placed, Visser-Van der Werf, Netherlands 2008.}) 16...
Qd7 17. b3 Qc7 18. Rfe1 (18. e5 {was an alternative, but afterwards the
position simplifies quickly,} dxe5 (18... Bxe5 19. axb5 (19. Nxe5 dxe5 20. Rfe1
c4 $11 {should be an equal endgame.}) 19... axb5 20. Rxa8 Rxa8 21. Ng5 $1 Re8 {
otherwie Qe4 is a double attack.} 22. f4 Bf6 23. Nxh7 Qf7 24. Ng5 Bxg5 25. fxg5
Qg6 {and Black also appears to equalise the position.}) 19. Rfe1 c4 20. Nxe5
cxb3 21. cxb3 Qxe5 22. Qxe5 Bxe5 23. Rxe5 Rfc8 24. axb5 axb5 25. Rxa8 Rxa8 {
with a drawish R endgame.}) 18... Be5 $6 {A questionable move. Black tries to
block White's e5, but if White reaches f4 the B can be in trouble.} (18... e5 {
was more solid, but of course Black can't activate his f6 B.}) 19. g3 {The
start of a nice plan. White prepares for Nh4-g2 followed by f4.} h6 20. Nh4 Qf7
21. Ng2 {A very careful reply.} ({Probably the immediate} 21. f4 $1 {was more
exact} Bf6 22. Nf3 e5 23. f5 $14 {and White has a comfortable middlegame.})
21... Bf6 22. Ra2 {A logical decision, White prepares for Rea1 and he tries to
gain the a-file.} e5 23. Rea1 Rac8 ({The engine suggests the ugly} 23... b4 $5
{without any hesitation} 24. Rf1 Rae8 {and he tries to hold his kingside.
Probably this was the best choice for Black, but in human eyes this is a
strange move.}) 24. axb5 axb5 25. Ra7 Rc7 26. Rxc7 Qxc7 27. Ne1 {A pretty plan
by Motylev. The N wasn't useful on g2, so White would like to play for Qg4
then Nf3.} (27. h4 $5 {was an interesting option too.}) 27... Qc6 $6 {Black
wants to exchange the Rs by Ra8, but this move allows White's strong answer.} (
27... Qd7 {was more logical to avoid Qg4.} 28. Ra6 g6 {followed by h5. White's
position is more comfortable, but Black is solid, it is not so easy to find
any weakness in his position.}) 28. Qg4 $1 {The right move. The Q is very
powerful from g4 and now Black has to face a few threats.} d5 $6 {Black would
like to play actively, but it just helps White, because the e1 N is ready to
go to the e4 square by f3-d2.} ({The solid} 28... Re8 {was tougher} 29. Ra7 c4
{and Black tries to create some counterchance on the queenside.}) 29. exd5 Qxd5
30. Nf3 c4 31. bxc4 bxc4 32. Nd2 {Brilliant positional play by White! The N
from g2 finally gains the important e4-square.} c3 ({In the event of} 32...
cxd3 33. cxd3 Qf7 34. Ne4 {Black's position is also unpleasant, he has to face
a long period of torture.}) 33. Ne4 Qb7 34. Kg2 Kh8 35. h4 Ra8 36. Rxa8+ Qxa8 {
Black has exchanged the Rs, but it isn't much help for him either.} 37. Qf5 Qd5
38. Qg6 Bd8 39. Qe8+ Kh7 40. h5 $1 $18 {Another strong move. White gains the
g6-square too, he has many threats. Black has no hope.} Bg5 41. Kh3 $1 {
White avoids the pin, now he is ready to attack with his N too.} Qa2 42. Nd6 $1
{Black can't avoid Nf7 followed by Qh8 mate, so he resigned. A great victory
by Motylev!} 1-0

[Event "Tata Steel-A 78th"]
[Site "Wijk aan Zee"]
[Date "2016.01.23"]
[Round "7"]
[White "Caruana, Fabiano"]
[Black "Ding, Liren"]
[Result "1-0"]
[WhiteElo "2787"]
[BlackElo "2766"]
[Annotator "Szabo,Kr"]
[PlyCount "165"]
[EventDate "2016.01.16"]
[EventType "tourn"]
[EventRounds "13"]
[EventCountry "NED"]
[EventCategory "20"]
[SourceTitle "CBM 171"]
[Source "ChessBase"]
[SourceDate "2016.03.14"]
[SourceVersion "2"]
[SourceVersionDate "2016.03.14"]
[SourceQuality "1"]

1. e4 e5 2. Nf3 Nc6 3. Bb5 a6 4. Ba4 Nf6 5. O-O Be7 6. d3 b5 7. Bb3 d6 8. a3
Na5 {Ding Liren's favourite move.} (8... O-O {is the main continuation.}) 9.
Ba2 c5 10. Nc3 Be6 11. Nh4 $146 {A novelty by Caruana.} ({Ding Liren had a
game for} 11. Bg5 c4 12. Nd2 O-O 13. Bxf6 Bxf6 14. Nd5 Bxd5 15. exd5 e4 16. Rb1
exd3 17. cxd3 c3 18. bxc3 Bxc3 $13 {Anand-Ding Liren, Bilbao 2015}) ({and} 11.
Bxe6 fxe6 12. b4 Nc6 13. bxc5 dxc5 14. Bb2 O-O 15. a4 b4 $132 {Wei Yi-Ding
Liren, Baku 2015, with a double-edged middlegame.}) 11... c4 $5 {An ambitious
reaction, Black would like to close out the a2-bishop.} (11... O-O {was the
natural move,} 12. Nf5 {and the N has reached f5.}) 12. Nf5 Bxf5 (12... O-O {
was the alternative to ignore the N on f5, but} 13. Bg5 $14 {and White looks
more comfortable.}) 13. exf5 O-O (13... Rc8 $5) 14. dxc4 Nxc4 15. Bxc4 bxc4 16.
Bg5 Rb8 17. Rb1 Nd7 $6 {Black wants to avoid Bxf6, Nd5, however this move
doesn't solve his problem either.} ({Inthe event of} 17... Qd7 18. Bxf6 Bxf6
19. Qf3 $14 {followed by Nd5.}) 18. Bxe7 Qxe7 19. Nd5 Qd8 20. Qg4 $1 {A strong
move, which wins the c4-P.} Rb5 (20... Rc8 {could have been met by} 21. f6 $1
Nxf6 22. Qxc8 $1 Qxc8 23. Ne7+ $16 {and White is an exchange up.}) 21. Qxc4 Nb6
22. Nxb6 Qxb6 23. b4 {White is a healthy P up and his position is better;
however, it will be a long game.} d5 24. Qb3 Qc6 25. Rfe1 d4 26. a4 Rd5 27. h4
({The straightforward} 27. b5 $1 {was more accurate} axb5 28. axb5 Qb7 29. b6
$16 {and White is better.}) 27... Rb8 28. Qf3 f6 29. Red1 Qc4 30. Qd3 Rc8 31.
Rb2 Rd6 32. b5 Rb6 33. Ra1 h5 34. Ra3 Qd5 35. Rab3 e4 36. Qd1 Rd8 $6 {An
inaccuracy.} (36... axb5 {was important,} 37. axb5 (37. Rxb5 Rxb5 38. axb5 d3
$132) 37... Qe5 38. Qxh5 e3 {with some practical counter-chances for Black.})
37. bxa6 $1 {The right reply!} Rxa6 38. Rb5 $6 {A tempting move, but not the
best.} (38. Qxh5 $1 {was correct,} Rxa4 39. Rb7 $18 {and Black can't avoid
White's dangerous attack.}) 38... Qd6 39. a5 d3 40. cxd3 exd3 41. Rd2 $6 {
A little bit passive.} (41. Rb6 {was more accurate} Rxb6 42. axb6 $14 {and
White is slightly better.}) 41... Rc6 $6 {An inaccurate move, which allows
White's subsequent reply.} ({The engine suggests} 41... Qd7 $1 42. Qb3+ Kh7 43.
g3 Rc6 $132) 42. Rb3 Qc7 43. Rb1 Qxa5 $2 {A decisive mistake!} ({Black should
protect his d3-P with} 43... Rcd6 $1 {. Nevertheless} 44. Ra1 $1 (44. Qxh5 Qxa5
$44) 44... Qc3 45. a6 Ra8 46. Rb1 {is still difficult for Black.}) 44. Rxd3
Rdc8 45. Qxh5 $18 {White is two Ps up, Black's position is hopeless.} Qe5 46.
Rbd1 Rc1 47. Qf3 Rxd1+ 48. Rxd1 Qe8 49. g3 Rc5 50. Ra1 Qd7 51. Ra8+ Rc8 52. Ra5
Kh7 53. Rd5 Qe8 54. Kg2 {Caruana improves his position. He wins the game one
move at a time.} Rc7 55. Ra5 Qf7 56. Qd5 Qxd5+ (56... Qe7 57. Ra8 $18 {and
mate soon.}) 57. Rxd5 Rc4 58. Rd2 Kg8 59. f3 Kf8 60. g4 Rc1 61. Kg3 Rg1+ 62.
Rg2 Ra1 63. g5 Kf7 64. Kg4 Ra4+ 65. f4 fxg5 66. hxg5 Ra1 67. Rb2 Rg1+ 68. Kh3
Rf1 69. Rb7+ Kf8 70. Kg4 Rh1 71. f6 gxf6 72. g6 $1 {A nice solution, but this
was not the only one.} Ra1 73. Kf5 Ra6 74. Rf7+ Kg8 75. Re7 Ra4 76. Re4 Ra6 77.
Re6 Ra4 78. Rxf6 Ra5+ 79. Kg4 Kg7 80. Rd6 Ra1 81. Kg5 Rg1+ 82. Kf5 Kh6 83. Rd8
1-0